[Event "Jantar Baltyku op-A"]
[Site "Poland"]
[Date "1998.??.??"]
[Round "?"]
[White "Klopotek, Stanislaw"]
[Black "Wyrwa, Zdzislaw"]
[Result "1-0"]
[WhiteElo "2210"]
[BlackElo "2095"]
[PlyCount "47"]
[EventDate "1998.??.??"]
[EventType "swiss"]
[EventRounds "7"]
[EventCountry "POL"]
[SourceTitle "EXT 2003"]
[Source "ChessBase"]
[SourceDate "2002.11.25"]
[SourceVersion "1"]
[SourceVersionDate "2002.11.25"]
[SourceQuality "1"]

1. e4 c5 2. Nc3 g6 3. f4 d6 4. Nf3 Bg7 5. Bc4 e6 6. 0-0 Ne7 7. d3 0-0 8. Qe2 Nbc6 9. Qf2 a6 10. a4 Rb8 11. f5 exf5 12. Qh4 h5 13. Bg5 Qc7 14. Rae1 Re8 15. exf5 Bxf5 16. Bxe7 Nxe7 17. Ng5 d5 18. Rxe7 Qxe7 19. Bxd5 Bf6 20. Nce4 Bxe4 21. Qxe4 Bxg5 22. Qxg6+ Kh8 23. Qxh5+ Kg8 24. Rxf7 1-0